Tome One Piece par image #4 - Statistiques

Statistiques générales
  • Ce quiz a été pris 203 fois
  • Le résultat moyen est 14 sur 16
Statistiques - réponses
Par images Réponse % Correct
25
94%
103
93%
63
92%
58
90%
68
90%
31
89%
17
88%
37
88%
97
88%
75
87%
23
86%
32
86%
36
86%
70
86%
46
84%
51
83%
Aucun quiz correspondant
Distribution des résultats
% des personnes avec chaque résultat
Percentile par nombre de réponses
Votre historique - résultats
Vous n’avez pas pris ce quiz